书目信息 |
| 题名: |
土木工程测量
|
|
| 作者: | 徐广舒 , 陈向阳 , 胡颖 主编 | |
| 分册: | ||
| 出版信息: | 北京 北京理工大学出版社 2020.07 |
|
| 页数: | 312页 | |
| 开本: | 26cm | |
| 丛书名: | ||
| 单 册: | ||
| 中图分类: | TU198 | |
| 科图分类: | ||
| 主题词: | 土木工程--tu mu gong cheng--工程测量--高等学校--教材 | |
| 电子资源: | ||
| ISBN: | 978-7-5682-8799-9 | |
| 000 | 00993nam0 2200265 450 | |
| 001 | CAL 0120203093922 | |
| 005 | 20201026111526.5 | |
| 010 | @a978-7-5682-8799-9@dCNY75.00 | |
| 100 | @a20201026d2020 em y0chiy0120 ea | |
| 101 | 0 | @achi |
| 102 | @aCN@b110000 | |
| 105 | @aak a 000yy | |
| 106 | @ar | |
| 200 | 1 | @a土木工程测量@Atu mu gong cheng ce liang@f主编徐广舒, 陈向阳, 胡颖 |
| 210 | @a北京@c北京理工大学出版社@d2020.07 | |
| 215 | @a312页@c图@d26cm | |
| 320 | @a有书目 (第312页) | |
| 330 | @a本书共分9个单元, 主要内容包括测量基本知识、场区控制测量、场区施工测量、定位测量、施工测量、变形测量、竣工测量等。每个项目都包括学习目标、关键概念、应用案例、课后讨论等环节, 具有较强的实用性和通用性。 | |
| 606 | 0 | @a土木工程@Atu mu gong cheng@x工程测量@x高等学校@j教材 |
| 690 | @aTU198@v5 | |
| 701 | 0 | @a徐广舒@Axu guang shu@4主编 |
| 701 | 0 | @a陈向阳@Achen xiang yang@4主编 |
| 701 | 0 | @a胡颖@Ahu ying@4主编 |
| 801 | 0 | @aCN@b人天书店@c20201026 |
| 905 | @aTSG@b0000366@dTU198@eX716@f2 | |
| 土木工程测量/主编徐广舒, 陈向阳, 胡颖.-北京:北京理工大学出版社,2020.07 |
| 312页:图;26cm |
| ISBN 978-7-5682-8799-9:CNY75.00 |
| 本书共分9个单元, 主要内容包括测量基本知识、场区控制测量、场区施工测量、定位测量、施工测量、变形测量、竣工测量等。每个项目都包括学习目标、关键概念、应用案例、课后讨论等环节, 具有较强的实用性和通用性。 |
| ● |
| 相关链接 |
|
|
|
正题名:土木工程测量
索取号:TU198/X716
 
预约/预借
| 序号 | 登录号 | 条形码 | 馆藏地/架位号 | 状态 | 备注 |
| 1 | 1536215 | 215362159 | 建筑库101/101建筑库 28排4列5层/ [索取号:TU198/X716] | 在馆 | |
| 2 | 1536216 | 215362168 | 建筑库101/101建筑库 28排4列5层/ [索取号:TU198/X716] | 在馆 |